Marc Fumaroli (notice n° 1627545)
[ vue normale ]
| 000 -LEADER | |
|---|---|
| fixed length control field | 00970cam a2200169 4500500 |
| 005 - DATE AND TIME OF LATEST TRANSACTION | |
| control field | 20260111093921.0 |
| 041 ## - LANGUAGE CODE | |
| Language code of text/sound track or separate title | fre |
| 042 ## - AUTHENTICATION CODE | |
| Authentication code | dc |
| 100 10 - MAIN ENTRY--PERSONAL NAME | |
| Personal name | Suzzoni, Cécilia |
| Relator term | author |
| 245 00 - TITLE STATEMENT | |
| Title | Marc Fumaroli |
| 260 ## - PUBLICATION, DISTRIBUTION, ETC. | |
| Date of publication, distribution, etc. | 2020.<br/> |
| 500 ## - GENERAL NOTE | |
| General note | 41 |
| 520 ## - SUMMARY, ETC. | |
| Summary, etc. | Comment vivre à hauteur de soi dans le monde moderne ? Marc Fumaroli a trouvé la réponse dans la sociabilité heureuse de la littérature classique, peut-être au détriment de l’appel à résister politiquement dans la langue : une « dissidence discrète ». |
| 520 ## - SUMMARY, ETC. | |
| Summary, etc. | How can one live at one’s height in the modern world? Marc Fumaroli has found the answer in the happy sociability of classical literature, perhaps to the detriment of the appeal to resist politically within language : a discreet dissidence. |
| 786 0# - DATA SOURCE ENTRY | |
| Note | Esprit | Décembre | 12 | 2020-11-26 | p. 135-145 | 0014-0759 |
| 856 41 - ELECTRONIC LOCATION AND ACCESS | |
| Uniform Resource Identifier | <a href="https://shs.cairn.info/revue-esprit-2020-12-page-135?lang=fr&redirect-ssocas=7080">https://shs.cairn.info/revue-esprit-2020-12-page-135?lang=fr&redirect-ssocas=7080</a> |
Pas d'exemplaire disponible.




Réseaux sociaux